Informació d'accés al món professional : (document informatiu) (document informatiu)
Publicado:
Barcelona :
Diputació de Barcelona, Institut de Psicologia Aplicada i Psicotècnia, [1986]
Descripción Física:
47 f. ; 30 cm
Materias:
Orientació professional
MARC
| LEADER | 00000nam a2200000Ia 4500 | ||
|---|---|---|---|
| 001 | 2031 | ||
| 003 | BGR | ||
| 005 | 20260324175235.0 | ||
| 008 | 160829s9999 xx 000 0 cat d | ||
| 080 | |a E-1-158 | ||
| 245 | |a Informació d'accés al món professional : |b (document informatiu) | ||
| 260 | |a Barcelona : |b Diputació de Barcelona, Institut de Psicologia Aplicada i Psicotècnia, [1986] | ||
| 300 | |a 47 f. ; |c 30 cm | ||
| 650 | |a Orientació professional |9 27407 | ||
| 710 | 1 | |a Barcelona (Catalunya : Província). |b Diputació |9 52408 | |
| 710 | 2 | |a Institut de Psicologia Aplicada i Psicotècnia (Barcelona) |9 71120 | |
| 901 | |a Arxiu | ||
| 942 | |n 1 |2 udc |c MON | ||
| 952 | |0 0 |1 0 |4 0 |6 E1158 |7 1 |9 42337 |a Arxiu |b Arxiu |d 2016-12-01 |l 0 |o E-1-158 |p 2031 |r 2016-12-01 00:00:00 |w 2016-12-01 |y ARXIU | ||
| 999 | |c 44815 |d 44815 | ||